000 00568cam a22002171 4500
001 sa 66005718
003 DLC
005 20260227112251.0
008 881028s1962 xx 000 0 gujo
010 _asa 66005718
035 _a(OCoLC)23574230
040 _aDLC
_cMiU
_dDLC
042 _apremarc
050 0 0 _aPK927.G8
_bS28
100 1 _aSalota, Amr̥talāla Amaracanda.
245 1 0 _aSaṃskr̥ta-dhātukosha.
260 _c[1962]
300 _a7, 18, 352 p.
_bport.
_c19 cm.
500 _aRomanized.
650 0 _aSanskrit language
_xDictionaries
_xGujarati.
999 _c70127
_d70127